000 01680nam2a22002651 4500
001 RU\NLR\INFOCOMM29\5000129477
005 20250617133320.0
035 _a(NLR Aleph) 002633632
090 _a3723378
_c3723378
100 _a20050224d1959 |||y0rusy50 ca
101 0 _arus
102 _aRU
105 _ay ||||000|y
200 1 _aПовышение точности и износостойкости втулочно-роликовых цепей
_fМ.А. Эстеркин
210 _d1959
_aБ. м.
225 1 _aТема 28. Подъемно-транспортирующие механизмы и средства механизации производственных процессов
_v№5
461 0 _1001RU\NLR\INFOCOMM29\5000129270
_12001#$aПередовой научно-технический и производственный опыт$iОрганизация внутрипромышленного транспорта$fГос. Науч.-техн. ком. Совета Министров РСФСР. Центр. ин-т техн.-экон. информации$v1959, №Т-59-11
_93722960
_cМ.
_d1958-
_fГос. Науч.-техн. ком. Совета Министров РСФСР. Центр. ин-т техн.-экон. информации
_iОрганизация внутрипромышленного транспорта
_tПередовой научно-технический и производственный опыт
_v1959, №Т-59-11
700 1 _aЭстеркин
_bМ.А.
_4070
801 1 _aRU
_bInfoComm
_c20050224
801 0 _aRU
_bNLR
_gPSBO
852 _aNLR
_jП11/1541
942 _cISSUE
980 _aNB
980 _aRUSPER